000 00649nam a2200181 i 4500
001 60491
003 ES-MaACL
005 20230906164237.0
007 t|
008 031105s1917 sp ||||1| spa d
100 1 _aEspina y Capo, Antonio,
_d1850-1930
_947840
245 1 0 _aConferencia de seguros sociales
_b: el seguro de la invalidez /
_cponencia que presenta a la Asamblea Antonio Espina y Capo.
260 _aMadrid :
_b[s.n.],
_c1917 (
_fImp. M. Minuesa)
611 2 4 _aConferencia de Seguros Sociales.
_d1917.
_cMadrid)
_9164470
650 _aSeguridad social-
_zEspaƱa.
_917023
852 _aES-MaACL
_j1542-F-22
999 _c60491
_d60491